000 00320nam a2200121 i 4500
001 bg
245 0 _aRukovodstvo k prakticeskim zanjatijam v laboratorii processov i apparatov chmiceskoj...
260 _aLeningrad,
_c1975.
040 _cBPK
041 _apol
942 _cKS
008 s pl f |000 0 pol
999 _c28562
_d28562
856 _uhttp://koha.tu.koszalin.pl/cgi-bin/koha/opac-detail.pl?biblionumber=28562
_yKatalog online BPK